Nguyễn Bính, Thâm Tâm, Vũ Đình Liên: Tuyển chọn và trích dẫn những bài phê bình - bình luận văn học...
v.v...
Đã lưu trong:
| Tác giả chính: | |
|---|---|
| Định dạng: | Sách |
| Năm xuất bản: |
Khánh Hòa
TH Khánh Hòa
1991
|
| Chủ đề: | |
| Tags: |
Thêm thẻ
Không có thẻ, Hãy là người đầu tiên gắn thẻ bản ghi này!
|
| LEADER | 00765nam a2200193 4500 | ||
|---|---|---|---|
| 082 | |a 895.9221009 |b NG527B | ||
| 100 | |a Tô Hoài | ||
| 245 | |a Nguyễn Bính, Thâm Tâm, Vũ Đình Liên: |c Tô Hoài, Chu Văn, Hoài Thanh,...; Vũ Tiến Quỳnh biên soạn |b Tuyển chọn và trích dẫn những bài phê bình - bình luận văn học... | ||
| 260 | |a Khánh Hòa |b TH Khánh Hòa |c 1991 | ||
| 300 | |a 116 tr. |c 21 cm | ||
| 520 | |a v.v... | ||
| 653 | |a Văn học | ||
| 653 | |a Việt Nam | ||
| 653 | |a Phê bình văn học | ||
| 653 | |a Bình luận | ||
| 653 | |a Thơ | ||
| 942 | |2 ddc |c SH | ||
| 999 | |c 2339 |d 2339 | ||
| 952 | |0 0 |1 0 |2 ddc |4 0 |6 895_922100900000000_NG527B |7 0 |8 800 |9 31102 |a qbu |b qbu |c D5 |d 2014-12-13 |g 3400 |o 895.9221009 NG527B |p 3773.c1 |r 0000-00-00 |w 2014-12-13 |y SH | ||